| 000 | 00536nam a2200193Ia 4500 | ||
|---|---|---|---|
| 999 |
_c14806 _d14806 |
||
| 003 | OSt | ||
| 005 | 20201021113735.0 | ||
| 008 | 190216s9999||||xx |||||||||||||| ||und|| | ||
| 020 | _a9788130906492 | ||
| 040 | _coclc | ||
| 082 |
_a822.33 _bBLO/W |
||
| 100 |
_aBloom, Harold _95352 |
||
| 245 | 0 |
_aWilliam Shakespeare's Julius Caesar/ _cHarold Bloom |
|
| 250 | _a1st Ed. | ||
| 260 |
_bViva Book , _c2010. _aNew Delhi: |
||
| 300 | _a144p | ||
| 650 | _aEnglish | ||
| 942 |
_cBK _2ddc _h822.33 _iBLO/W _k822.33 _mBLO/W |
||